000 03100cam0 2200529 ib4500
001 BY-NLB-br0001096141
005 20260402103725.0
010 ^a978-5-98156-548-9
035 ^a(BY-MI0000)BY-NLB-br0001096141
100 ^a20140707d2013 m y0rusy50 ca
101 0 ^arus
102 ^aRU
105 ^ay z 000zy
109 ^ama
181 0 ^ai4
182 0 ^an
200 1 ^aОккупация (1941—1943)
^fсоставитель, автор вступительной статьи П. И. Привалов
203 ^aТекст
^cнепосредственный
210 ^d2013
215 ^a287 с.
327 0 ^aСодержание: авторы: А. Твардовский, А. Мишин, Е. Алфимов, В. Сальковский, В. И. Ионов
345 ^9810 экз.
461 1 ^12001
^aСмоленская земля в памятниках русской словесности
^e[сборник
^fпод общей редакцией В. В. Ильина]
^vТ. 45
^1010
^a978-5-98156-366-9
^bв переплете
^1210
^aСмоленск
^cМаджента
^d2012—2013
^1215
^d22 см
606 ^3BY-NLB-ar5862
^aВОЕННАЯ ТЕМА
^2DVNLB
608 ^3BY-NLB-ar2658676
^aПУБЛИЦИСТИКА (лит. произведение)
^2BYGNR
608 ^3BY-NLB-ar32087
^aСТИХОТВОРЕНИЕ
^2BYGNR
608 ^3BY-NLB-ar45800
^aОЧЕРК
^2BYGNR
608 ^3BY-NLB-ar92012
^aРОМАН
^2BYGNR
608 ^3BY-NLB-ar27475
^aРАССКАЗ
^2BYGNR
608 ^3BY-NLB-ar23936
^aПОВЕСТЬ
^2BYGNR
686 ^a83.3(2Рос) + 84(2Рос)6-4 + 84(2Рос)6-5
^2rubbk
690 ^a1
^2Base
^9BY-MI0000
^xRSEK
701 1 ^3BY-NLB-ar96051
^aТвардовский
^bА. Т.
^gАлександр Трифонович
^cпоэт
^f1910—1971
701 1 ^3BY-SEK-263151
^aМишин
^bА. В.
^gАлексей Викторович
^cписатель
^f1936—2009
701 1 ^3BY-SEK-312797
^aИонов
^bВ. И.
701 1 ^3BY-CNB-a327959
^aАлфимов
^bЕ. П.
^gЕвгений Петрович
^cписатель
^fрод. 1926
701 1 ^3BY-CNB-ar1218089
^aСальковский
^bВ. А.
^gВилен Абрамович
^cписатель
^f1933—2013
702 1 ^aИльин
^bВ. В.
^4340
702 1 ^3BY-SEK-ar7501805
^aПривалов
^bП. И.
^gПетр Иванович
^4220
^4080
801 0 ^aBY
^bBY-HM0000
^c20140707
^gpsbo
801 2 ^aBY
^bBY-MI0000
^c20260324
^gRCR
899 0 ^aBY-MI0000
^iС511
^h83.3(2Рос)